000 00739nam a2200229 i 4500
001 31743
003 ES-MaACL
005 20250824214550.0
007 t|
008 030130s1968 sp ||||1| spa d
100 1 _aBenguerel, Xavier,
_d1905-1990
_927580
245 1 0 _aSuburbio /
_cXavier Benguerel ; Prólogo de Joaquim Marco ; [traducción de Jaume Barnat Altés].
250 _a2ª ed.
260 _a[Barcelona] :
_bNauta,
_c[1968]
300 _a299 p. ;
_c19 cm.
490 1 _aLos libros de la Veleta ;
_v4
700 1 _aMarco, Joaquín,
_d1935-2020
_976466
700 1 _aBarnat, Jaume.
_925707
830 0 4 _aLos libros de la veleta
_v4
_9192741
852 _aES-MaACL
_jC-35487
_bR.68388
999 _c31743
_d31743